000 00366nam a22001457a 4500
003 SGT
082 _a617.84
_bE23B
100 _aBANGA, NISHCHINT
245 _aEFFECT OF NEUROBIC EXERCISES ON GLOBAL COGNITIVE FUNCTION OF AUTISTIC CHILDREN
260 _aGURUGRAM
_bSGT UNIVERSITY
_c2023
300 _a69
650 _aNEUROLOGY
653 _aMPT
942 _2ddc
_cTH
999 _c32181
_d32181